000 03417 a2200265 4500
003 NALT
005 20250917131831.0
008 250611b th ||||| |||| 00| 0 tha d
020 _a 9786164784017
040 _aNALT
050 _aHD 57.7
_bจ216ภ 2567
100 0 _aจักรกฤษณ์ สิริริน.
_966028
245 1 0 _aภาวะผู้นำในศตวรรษที่ 21 /
_cจักรกฤษณ์ สิริริน.
250 _aพิมพ์ครั้งแรก.
260 _aกรุงเทพฯ :
_bหมีคั่วโลก,
_c2567.
300 _a167 หน้า ;
_c21 ซม.
505 2 _aบทนำ -- บทที่ 1 โลกแห่งภาวะผู้นำ -- บทที่ 2 ล้มทฤษฎี 'ภาวะผู้นำ' -- บทที่ 3 ภาวะผู้นำพิสัยสมบูรณ์ -- บทที่ 4 ภาวะผู้นำแลกเปลี่ยน -- บทที่ 5 ภาวะผู้นำการเปลียนแปลง -- บทที่ 6 ภาวะผู้นำร่วม -- บทที่ 7 ภาวะผู้ตาม -- บทที่ 8 Women are better leaders -- บทที่ 9 Leadership ของผู้นำหญิง -- บทที่ 10 ภาวะผู้นำหญิง -- บทที่ 11 ภาวะผู้นำหญิงกับเพดานแก้ว -- บทที่ 12 ภาวะผู้นำ Digital -- บทที่ 13 e-Leadership -- บทที่ 14 ภาวะผู้นำ ICT -- บทที่ 15 ภาวะผู้นำนวัตกรรม -- บทที่ 16 Robotics leadership ภาวะผู้นำตัวใหม่ ยุค A.I. -- บทที่ 17 Multi-Skill leadership -- บทที่ 18 ผู้นำแบบ 'ผึ้ง' ตัวอย่างที่ดีของ Sustainable leadership -- บทที่ 19 'ภาวะผู้นำ' ตัวใหม่ Climate leadership ของ Al Gore 'อัศวินโลกร้อน' ผู้มาก่อนกาล -- บทที่ 20 Demonstration leadership -- บทที่ 21 Comfort zone leadership -- บทที่ 22 ภาวะผู้นำแบบวางเฉย -- บทที่ 23 Quiet leadership -- บทที่ 24 ภาวะผู้นำทำลายล้าง -- บทที่ 25 ภาวะผู้นำดื้อดึง -- บทที่ 26 ภาวะผู้นำผสมกลมกลืน -- บทที่ 27 ภาวะผู้นำม่วนซื่น -- บทที่ 28 จาก False 9 ถึง Quantum leadership บริหาร 'องค์กรสมัยใหม่' สไตล์ 'หงส์แดง' -- บทที่ 29 ภาวะผู้นำทางการศึกษา -- บทที่ 30 Inclusive leadership -- บทสรุป ภาวะผู้นำยุคใหม่.
650 4 _aภาวะผู้นำ
_95550
650 4 _aภาวะผู้นำการเปลี่ยนแปลง
_950870
942 _cGB
_2lcc
996 _ajidapa.t
_bACQSTF
_c2025-06-11
996 _avaree.k
_bLIBSTF
_c2025-06-19
996 _asaiphon.d
_bCATSTF
_c2025-07-02
999 _c106796
_d106796
998 _j8
_k นายบัณฑิต อุทาวงค์